Gdzie dzieciom i młodzieży przysługuje zniżka na bilet? - Statystyki

Ogólne statystyki
  • Ten quiz został rozwiązany 6 razy
  • Średni wynik to 3 z 6
Statystyki odpowiedzi
Odpowiedź % Poprawnych
Basenie
80%
Kinie
80%
Pociągu
80%
Teatrze
80%
Zoo
20%
Autobusie Miejskim
0%
Nie znaleziono quizów pasujących do podanych kryteriów
Rozkład punktacji
Procent ludzi z każdym wynikiem
Percentyl według liczby udzielonych odpowiedzi
Twoja historia wyników
Nie rozwiązałeś tego quizu